Evaluación de la reforma educativa de la provincia de Buenos Aires, Argentina.

Guardado en:
书目详细资料
主要作者: Echart, María (autor)
其他作者: Bruera, Ricardo (autor) (autor)
格式: 图书
语言:西班牙语
主题:
在线阅读:Ver documento en línea
标签: 添加标签
没有标签, 成为第一个标记此记录!

MARC

LEADER 00000cam^a2200000uu^4500
001 000526342
005 20260512000000.0
008 052102s2003^^^^^^^^^^^^rd^r^1000^0^spa^d
009 20260512123803.588
035 |a FCE 000070587 
037 |a Acervo ITESO - Biblioteca 
041 |a spa 
095 |a CD 393 
100 |a Echart, María  |e (autor) 
245 1 0 |a Evaluación de la reforma educativa de la provincia de Buenos Aires, Argentina.  |h [recurso electrónico] 
264 |a Santiago de Chile :  |b CIDE,  |c 1999. 
300 |a 1 disco compacto (56 p.) :  |c 4 3/4 pulg. 
336 |a texto  |b txt  |2 rdacontenido 
337 |a sin mediación  |b n  |2 rdamedio 
338 |a volumen  |b nc  |2 rdasoporte 
649 |a XX 
650 |a Enseñanza primaria 
650 |a Calidad de la educación 
650 |a Evaluación 
650 |a Argentina 
740 |t Reduc: Documentos electrónicos. 
700 |a Bruera, Ricardo  |e (autor) 
856 4 0 |u https://biblioteca.uahurtado.cl/ujah/reduc/pdf/pdf/8458.pdf  |y Ver documento en línea 
910 |a Fondo Centro de Estudios Educativos 
920 |a Impresos - Libros 
930 |a Fondos Especiales 
905 |a 133 
902 |a https://opac.biblio.iteso.mx/vufind/Record/000526342